00501 2200181 4500001002100000005001500021008004100036020002200077035001900099041000700118082001000125090001600135100001400151245006100165260003700226300002200263650003400285INLIS00000000001481220241224114821241224||||||||| | ||| |||| || |  a978-979-015-279-3 0010-1224014812 aid0 a551.5 a551.5 LEG a0 aKONPRENSI00aADA APA DI BUMI ? KEHIDUPAN DI GURUN : ADA KEHIDUPANKAH? aJakartabErlangga For Kidsc2007 a32hlm;22.5x22.5cm 0ailmu Pengetahuan Tentang Bumi